Đang tải...

Dhaturupakosa Compiled for the use of sanskrit students.Rev by R J Kanade /

Chi tiết về thư mục
Tác giả chính: Gandhi, Dharmaraje Narayen
Ngôn ngữ:Undetermined
Được phát hành: Delhi : Sri Satguru , 2005.
Loạt:Sri Garib Das oriental series
Những chủ đề:
LEADER 00629nam a2200181Ia 4500
001 154144
008 170722s9999 xx 000 0 und d
020 |a 8170302021 
100 |a Gandhi, Dharmaraje Narayen 
245 |a Dhaturupakosa  |b Compiled for the use of sanskrit students.Rev by R J Kanade / 
260 |a Delhi :  |b Sri Satguru ,  |c 2005. 
300 |a 674 p. 
490 |a Sri Garib Das oriental series 
653 |a Sanskrit Grammer 
923 |d 20071128  |n V295 
942 |c GEN 
999 |c 136293  |d 136293 
952 |0 0  |1 0  |4 0  |6 P_153_P5  |7 0  |9 192401  |a LIB  |b LIB  |d 2013-03-25  |e Prabhus Books  |o P15:3 -P5  |p 266398  |r 2017-08-12  |v 500.00  |w 2017-08-12  |y GEN